000 00608nam a2200193 a 4500
005 20250408063820.0
008 991125s1967 es 000 0 spa u
035 _aUPN01000017391
049 _aCG
050 4 _aLC31
_bS3.48 1967
100 1 _aSchneider, Friedrich Wilhelm,
_d1881-1974
_942880
245 1 3 _aLa educación de sí mismo /
_cFriedrich Schneider ; tr. por Constantino Ruiz Garrido.
250 _a3a ed.
260 _aBarcelona [Esp.] :
_bHerder,
_c1967.
300 _a334 p.
440 0 _aBiblioteca Herder.
_pSección de pedagogía ;
_v35
650 4 _aAutoeducación
_92905
905 _aLibro
999 _c17391
_d17391